00679 2200217 4500001002100000005001500021035002000036007000300056008004100059020002200100082001200122084001800134100003000152245009600182250001400278260004800292300004500340700003000385650002900415990001700444INLIS00000000000098320260519072651 a0010-0823000147ta260519 c 0 ind  a978-979-055-512-9 a297.911 a297.911 ALI r0 aAli Muakhir ( Pengarang )1 aRasulullah teladan utama :bNasihat bijaksana /cAli Muakhir ,dkk ; Editor , Syamsu Arramly a-Cet ke 7 aBandung :bSygma Creative Media Corp,c2020 a48 :bilus. ;gambar berwarna ;c27 cme-0 aSyamsu Arramly ( Editor ) 4aislam - bacaan anak-anak a00013/K/2021